| 000 | 00526nam a2200193Ia 4500 | ||
|---|---|---|---|
| 003 | GCL | ||
| 008 | 140319s9999 xx 000 0 ara d | ||
| 040 |
_aGCL / _cGCL |
||
| 082 | 0 | 4 |
_a001.534 _bج ح |
| 100 | 1 | _aجابر جاد نصار | |
| 245 | 1 | 0 |
_aحرية الصحافة / _cجابر جاد نصار |
| 260 |
_a[S.N] : _bدار النهضة العربية ، _c1994 |
||
| 300 | _a265 ص | ||
| 490 | _a | ||
| 650 | 0 | 4 | _aالقانون |
| 650 | 0 | 4 | _aالصحافة |
| 650 | 0 | 4 | _aحق التأليف |
| 942 |
_2ddc _cBK |
||
| 999 |
_c34292 _d34292 |
||